[Event "Bucharest Super Rapid op"]
[Site "Bucharest"]
[Date "2022.05.01"]
[Round "8"]
[White "Anton, Teodor"]
[Black "Dorache, Florin"]
[Result "1-0"]
[WhiteElo "2454"]
[BlackElo "1979"]
[PlyCount "59"]
[EventDate "2022.04.30"]
[EventType "swiss (rapid)"]
[EventRounds "10"]
[EventCountry "ROU"]
[SourceTitle "CBM 208 Extra"]
[Source "ChessBase"]
[SourceDate "2022.07.31"]
[SourceVersion "1"]
[SourceVersionDate "2022.07.31"]
[SourceQuality "1"]

1. d4 Nf6 2. c4 e6 3. Nc3 Bb4 4. Qc2 Nc6 5. Nf3 d6 6. e3 0-0 7. a3 Bxc3+ 8. Qxc3 a5 9. b3 Qe7 10. Be2 e5 11. dxe5 dxe5 12. 0-0 Bg4 13. Qc2 Bh5 14. Bb2 Bg6 15. Qc1 Ne4 16. Bd3 Rad8 17. Qc2 Rxd3 18. Qxd3 Ng3 19. e4 Nxf1 20. Rxf1 Rd8 21. Qe3 f6 22. Nh4 Qd7 23. Nxg6 hxg6 24. Qg3 Qd3 25. Qxg6 Qxb3 26. Bc1 Qxc4 27. f4 Nd4 28. Be3 Ne2+ 29. Kf2 exf4 30. Ke1 1-0

[Event "Bucharest Super Rapid op"]
[Site "Bucharest"]
[Date "2022.05.01"]
[Round "7"]
[White "Dorache, Florin"]
[Black "Vedmediuc, Serghei"]
[Result "0-1"]
[WhiteElo "1979"]
[BlackElo "2454"]
[PlyCount "102"]
[EventDate "2022.04.30"]
[EventType "swiss (rapid)"]
[EventRounds "10"]
[EventCountry "ROU"]
[SourceTitle "CBM 208 Extra"]
[Source "ChessBase"]
[SourceDate "2022.07.31"]
[SourceVersion "1"]
[SourceVersionDate "2022.07.31"]
[SourceQuality "1"]

1. Nf3 Nf6 2. g3 g6 3. Bg2 Bg7 4. c4 0-0 5. 0-0 d6 6. Nc3 Nbd7 7. b3 a6 8. Bb2 Rb8 9. a4 a5 10. d4 e5 11. e3 Re8 12. Qd2 c6 13. Rfd1 e4 14. Ng5 d5 15. cxd5 cxd5 16. Nh3 Nf8 17. Nf4 g5 18. Nfe2 Bg4 19. Rdc1 Ne6 20. Nb5 Qb6 21. Bf1 Bf8 22. Bc3 Ra8 23. Rc2 Rec8 24. Rac1 Rc6 25. Bg2 Bf3 26. Qe1 Bxg2 27. Kxg2 g4 28. Nf4 Ng5 29. Qe2 Nf3 30. h3 Bh6 31. hxg4 Bxf4 32. exf4 Nxg4 33. Rh1 Rac8 34. Rh5 f5 35. Rc1 Rh6 36. Rxh6 Qxh6 37. Rh1 Qg6 38. Bxa5 h5 39. Nc3 Qf7 40. Qb5 Nxd4 41. Qxd5 Qxd5 42. Nxd5 Rc2 43. Rf1 e3 44. Nb4 Rb2 45. Nd3 Rxb3 46. f3 Rxd3 47. fxg4 hxg4 48. Re1 Rb3 49. Bc7 Rb2+ 50. Kf1 Rf2+ 51. Kg1 Nf3+ 0-1

[Event "Bucharest Super Rapid op"]
[Site "Bucharest"]
[Date "2022.05.01"]
[Round "6"]
[White "Filip, Lucian Ioan"]
[Black "Dorache, Florin"]
[Result "0-1"]
[WhiteElo "2385"]
[BlackElo "1979"]
[PlyCount "110"]
[EventDate "2022.04.30"]
[EventType "swiss (rapid)"]
[EventRounds "10"]
[EventCountry "ROU"]
[SourceTitle "CBM 208 Extra"]
[Source "ChessBase"]
[SourceDate "2022.07.31"]
[SourceVersion "1"]
[SourceVersionDate "2022.07.31"]
[SourceQuality "1"]

1. Nf3 Nf6 2. c4 e6 3. g3 b6 4. Bg2 Bb7 5. 0-0 c5 6. Nc3 Be7 7. Re1 0-0 8. e4 d6 9. d4 cxd4 10. Nxd4 Qc8 11. Be3 Nbd7 12. Rc1 a6 13. h3 Re8 14. f4 Qc7 15. g4 Nc5 16. Qc2 g6 17. Nde2 Bf8 18. Ng3 Red8 19. g5 Ne8 20. Red1 Rac8 21. Qf2 Bg7 22. h4 Qb8 23. h5 b5 24. h6 Bxc3 25. Rxc3 Na4 26. Ra3 Rxc4 27. b3 Nc3 28. Rc1 Rcc8 29. b4 Na4 30. f5 Rxc1+ 31. Bxc1 exf5 32. exf5 Bxg2 33. Kxg2 Qb7+ 34. Kh2 Rc8 35. Bd2 Qd5 36. fxg6 hxg6 37. Rf3 Rc2 38. Nf1 Rc4 39. h7+ Kxh7 40. Rxf7+ Ng7 41. Re7 Re4 42. Ne3 Qd4 43. Rf7 Rh4+ 44. Kg1 Qe4 45. Ng2 Rg4 46. Kh2 Qe5+ 47. Bf4 Qd5 48. Rf6 Nf5 49. Ne3 Nxe3 50. Bxe3 Qe5+ 51. Kh3 Re4 52. Rf7+ Kg8 53. Rf8+ Kh7 54. Qf7+ Qg7 55. Qf3 Rxe3 0-1